[Event "71st RUS-ch Superfinal Women 2021"]
[Site "Ufa"]
[Date "2021.10.11"]
[Round "3.3"]
[White "Kashlinskaya, Alina"]
[Black "Gunina, Valentina"]
[Result "0-1"]
[WhiteElo "2493"]
[BlackElo "2462"]
[Annotator "ChessBase"]
[PlyCount "66"]
[EventDate "2021.10.09"]
[EventType "tourn"]
[EventCountry "RUS"]
[SourceTitle "playchess.com"]
[Source "ChessBase"]
[SourceQuality "1"]
[TimeControl "40/5400+30:1800+30"]

1. d4 {[%emt 0:00:03]} d5 {[%emt 0:00:08]} 2. c4 {[%emt 0:00:08]} c6 {[%emt 0:
00:07]} 3. Nf3 {[%emt 0:00:04]} Nf6 {[%emt 0:00:08]} 4. Nc3 {[%emt 0:00:06]}
dxc4 {[%emt 0:00:13]} 5. a4 {[%emt 0:00:08]} Bf5 {[%emt 0:00:13]} 6. Nh4 {
[%emt 0:00:15]} e6 {[%emt 0:01:31]} 7. Nxf5 {[%emt 0:00:17]} exf5 {[%emt 0:00:
05]} 8. e3 {[%emt 0:00:07]} Bb4 {[%emt 0:06:05]} 9. Bxc4 {[%emt 0:00:30]} O-O {
[%emt 0:00:06]} 10. O-O {[%emt 0:00:08]} Nbd7 {[%emt 0:01:07]} 11. h3 {[%emt 0:
00:14]} a5 {[%emt 0:01:53]} 12. Qf3 {[%emt 0:00:20]} g6 {[%emt 0:01:20]} 13. g4
{[%emt 0:00:32]} fxg4 {[%emt 0:14:14]} 14. hxg4 {[%emt 0:00:14]} Qe7 {[%emt 0:
00:32]} 15. Kg2 {[%emt 0:08:01]} Rfe8 {[%emt 0:10:38]} 16. Rh1 {[%emt 0:04:00]}
Nf8 {[%emt 0:04:50]} 17. g5 {[%emt 0:23:22]} Nh5 {[%emt 0:03:43]} 18. Kf1 {
[%emt 0:11:18]} Rad8 {[%emt 0:26:15]} 19. Rxh5 {[%emt 0:08:24]} Bxc3 {[%emt 0:
10:07]} 20. bxc3 {[%emt 0:16:39]} gxh5 {[%emt 0:00:05]} 21. Ba3 {[%emt 0:00:04]
} Qd7 {[%emt 0:00:56]} 22. Rb1 {[%emt 0:02:29]} Ng6 {[%emt 0:02:46]} 23. Ba2 {
[%emt 0:04:13]} b5 {[%emt 0:02:11]} 24. axb5 {[%emt 0:04:29]} cxb5 {[%emt 0:00:
01]} 25. Bc5 {[%emt 0:00:15]} Rc8 {[%emt 0:01:06]} 26. Qxh5 {[%emt 0:03:30]}
Qf5 {[%emt 0:01:18]} 27. Rxb5 {[%emt 0:05:08]} Rxe3 {[%emt 0:00:45]} 28. Rb7 {
[%emt 0:02:07]} Qd3+ {[%emt 0:04:10]} 29. Kg1 {[%emt 0:00:01]} Re1+ {[%emt 0:
00:36]} 30. Kh2 {[%emt 0:00:03]} Qe4 {[%emt 0:01:40]} 31. Bxf7+ {[%emt 0:00:30]
} Kh8 {[%emt 0:00:01]} 32. Bd5 {[%emt 0:00:58]} Rh1+ {[%emt 0:00:36]} 33. Kg3 {
[%emt 0:00:03]} Qf4+ {[%emt 0:00:08]} 0-1

[Event "71st RUS-ch Superfinal Women 2021"]
[Site "Ufa"]
[Date "2021.10.11"]
[Round "3.4"]
[White "Garifullina, Leya"]
[Black "Bodnaruk, Anastasia"]
[Result "1-0"]
[WhiteElo "2409"]
[BlackElo "2415"]
[Annotator "TA"]
[PlyCount "139"]
[EventDate "2021.10.09"]
[EventType "tourn"]
[EventCountry "RUS"]
[SourceTitle "playchess.com"]
[Source "ChessBase"]
[SourceQuality "1"]

{[%evp 16,139,16,24,27,22,34,24,21,12,12,10,8,12,12,12,12,8,16,21,25,15,74,0,0,
0,54,52,67,71,75,70,81,72,107,100,106,114,110,109,116,121,115,118,116,115,126,
123,118,102,167,31,76,2,2,8,37,16,50,52,152,106,102,64,58,62,70,55,202,216,284,
256,350,300,393,385,437,431,583,514,485,514,485,465,581,575,631,627,675,430,
539,556,524,534,722,722,3209,3414,2961,3023,2795,2740,1880,1533,3414,3402,3539,
2382,29977,29978,29978,29979,29980,29981,29981,29982,29982,29979,29979,29980,
29984,29982,29984,29985,29985,29986]} 1. e4 c5 2. Nf3 Nc6 3. Bb5 g6 4. Bxc6
dxc6 5. d3 Bg7 6. h3 Nf6 7. Nc3 Nd7 8. Be3 e5 9. Qd2 h6 {B31: Sicilian: 2...
Nc6 3 Bb5 g6.} 10. O-O b6 {Nowadays more popular than 10...Qe7.} 11. Nh2 Nf8 {
White has an edge.} 12. f4 exf4 13. Bxf4 Ne6 14. Be3 Nd4 15. Rae1 Be6 16. e5
Nf5 17. Nf3 {[#]} Nxe3 $146 ({Predecessor:} 17... Qc7 18. Bf4 O-O-O 19. Ne4 Kb8
20. b3 g5 21. Bh2 Ne7 22. Nd6 Ng6 23. c3 Ka8 {1-0 (75) Levi,N (2247)-Saksham,R
(2291) Novi Sad 2019}) 18. Qxe3 Qc7 (18... O-O $11 {keeps the balance.}) 19. a3
(19. Ne4 $16) 19... O-O-O $11 20. b4 Bf8 ({Black should try} 20... cxb4 $11 21.
axb4 Rhe8) 21. Rb1 $14 Be7 22. Ne4 {[%cal Rb4c5]} c4 23. Nd4 Bd5 24. Nf6 $1 {
[%cal Rf6d5]} Bxf6 25. Rxf6 {Hoping for dxc4.} Rhe8 26. dxc4 Rxe5 27. Qf4 (27.
Qxh6 $6 Be4 $11) 27... g5 28. Qg4+ Be6 29. Nxe6 fxe6 30. Rbf1 (30. Rxe6 $2 h5
$1 $19 {[%mdl 512]}) 30... Qd6 31. c3 Qd3 32. Rxh6 Rd7 (32... Qxc3 $16 33. Kh2
Qd4) 33. c5 (33. Qh5 $18 Kb7 34. Qe8) 33... Kb7 34. Rhf6 (34. cxb6 $16 axb6 35.
Qf3 (35. Rxe6 $2 Qe3+ 36. Kh2 Rxe6 $19)) 34... Qxc3 $11 35. Kh2 Qe3 36. R6f3
Qd2 37. Qg3 Red5 (37... Qd5 $14) 38. cxb6 axb6 39. Re3 Rd3 40. Rff3 $36 {
[%cal Re3d3][%mdl 2048] White fights for an advantage.} Rxe3 41. Rxe3 $14 {
[%mdl 4096] Endgame KQR-KQR} g4 {[#] This move loses the game for Black.} (
41... Qd6 $14) 42. h4 $1 $18 ({Worse is} 42. Rxe6 gxh3 43. Qf3 (43. b5 $2 Rh7
$19) 43... Qxg2+ 44. Qxg2 hxg2 $15) 42... Qc1 43. Rxe6 Rd1 {[%csl Gc1][%cal
Rd1h1]} 44. Qe3 ({Less strong is} 44. Qxg4 Rh1+ 45. Kg3 Qc3+ 46. Kf2 (46. Qf3
Qg7+ 47. Qg4 Qc3+ {[%mdl 64] Double Attack} 48. Kf2 Qb2+ 49. Qe2 Qxe2+ 50. Rxe2
Rxh4 $16) 46... Qb2+ 47. Qe2 Qxe2+ 48. Rxe2 Rxh4 $16) (44. Re7+ Ka6 $18) 44...
Qc4 {...g3+! is the strong threat.} 45. Re4 Qd5 46. Rxg4 ({Not} 46. Re7+ Kc8
$18) 46... Rd3 47. Qe4 Qd6+ 48. Qf4 Qe7 49. a4 Rd5 50. Rg6 Rh5 51. Rf6 Rh7 52.
a5 bxa5 53. bxa5 {[%cal Bb4a5,Ba5a6][%mdl 32]} Qc5 54. Qe4 Re7 55. a6+ Kb6 {[#]
} 56. Rxc6+ $3 {[%mdl 512]} Qxc6 57. Qxe7 {Intending Qb7+! and mate.} Kxa6 {
KQ-KQ} 58. h5 Qh6 59. g4 Qf4+ 60. Kh3 Qf3+ 61. Kh4 Qf4 62. Qe6+ {White mates.}
Kb7 63. h6 Qh2+ 64. Kg5 Qd2+ 65. Kg6 Qd3+ 66. Kh5 Qh3+ {[#]} 67. Kg5 $1 Qh2 68.
Qe7+ Ka6 69. h7 Qd2+ 70. Kg6 {Weighted Error Value: White=0.20/Black=0.36} 1-0

[Event "71st RUS-ch Superfinal Women 2021"]
[Site "Ufa"]
[Date "2021.10.11"]
[Round "3.5"]
[White "Bivol, Alina"]
[Black "Galliamova, Alisa"]
[Result "0-1"]
[WhiteElo "2392"]
[BlackElo "2421"]
[Annotator "NA"]
[PlyCount "80"]
[EventDate "2021.10.09"]
[EventType "tourn"]
[EventCountry "RUS"]
[SourceTitle "playchess.com"]
[Source "ChessBase"]
[SourceQuality "1"]
[TimeControl "40/5400+30:1800+30"]

{[%evp 15,74,18,42,13,25,1,31,10,5,0,0,0,7,6,8,-2,-14,-31,-16,-23,-27,-58,-41,
-42,-42,-46,-45,-50,-73,-70,32767,32767,32767,32767,-66,-88,-62,32767,32767,
32767,32767,-165,-171,-202,-221,-218,-227,-231,-256,-256,32767,32767,32767,
-337,-312,-364,-360,-412,-438,32767,-438]} 1. e4 {[%emt 0:00:09]} e5 {[%emt 0:
00:05]} 2. Nf3 {[%emt 0:00:16]} Nc6 {[%emt 0:00:05]} 3. Bb5 {[%emt 0:00:23]} a6
{[%emt 0:01:45]} 4. Ba4 {[%emt 0:00:06]} Nf6 {[%emt 0:00:18]} 5. O-O {[%emt 0:
00:20]} Nxe4 {[%emt 0:00:49]} 6. Re1 {[%emt 0:02:37]} Nc5 {[%emt 0:00:38]} 7.
Bxc6 {[%emt 0:01:29]} dxc6 {[%emt 0:00:27]} 8. Nxe5 {[%emt 0:00:53]} Be7 {
[%emt 0:01:08]} 9. d4 {[%emt 0:05:40]} Ne6 {[%emt 0:00:07]} 10. c3 {[%emt 0:00:
17]} O-O {[%emt 0:00:29]} 11. Be3 {[%emt 0:02:29]} f6 {[%emt 0:06:04]} 12. Nd3
{[%emt 0:00:19]} Re8 {[%emt 0:03:42]} 13. Nd2 {[%emt 0:02:01]} a5 {[%emt 0:14:
36]} 14. Qf3 {[%emt 0:05:46]} a4 {[%emt 0:01:19]} 15. Rad1 {[%emt 0:03:29]} Qd5
{[%emt 0:05:44]} 16. c4 {[%emt 0:12:13]} Qxf3 {[%emt 0:02:34]} 17. Nxf3 {
[%emt 0:00:13]} Nf8 {[%emt 0:12:28]} 18. Bf4 {[%emt 0:14:19]} Be6 {[%emt 0:02:
45]} 19. Rc1 {[%emt 0:00:56]} Bf5 {[%emt 0:05:09]} 20. Red1 {[%emt 0:06:56]}
Ne6 {[%emt 0:04:05]} 21. Be3 {[%emt 0:00:23]} Rad8 {[%emt 0:07:28]} 22. Nf4 {
[%emt 0:06:52]} g5 {[%emt 0:07:01]} 23. Nxe6 {[%emt 0:00:56]} Bxe6 {[%emt 0:00:
05]} 24. h3 {[%emt 0:00:54]} b6 {[%emt 0:06:25]} 25. Nd2 {[%emt 0:04:51]} f5 {
[%emt 0:01:53]} 26. f4 {[%emt 0:06:27]} gxf4 {[%emt 0:02:26]} 27. Bxf4 {
[%emt 0:00:04]} Rxd4 {[%emt 0:01:02]} 28. Bxc7 {[%emt 0:07:14]} Bb4 {[%emt 0:
00:58]} 29. Nf3 {[%emt 0:02:13]} Rxd1+ {[%emt 0:00:32]} ({Less strong is} 29...
Rxc4 30. Bxb6 Rxc1 31. Rxc1 $15) 30. Rxd1 {[%emt 0:00:04]} Bc5+ {[%emt 0:00:07]
} ({Don't play} 30... Bxc4 31. Bxb6 Bxa2 32. Rd7 $17) 31. Kh1 {[%emt 0:02:15]}
Bxc4 {[%emt 0:02:42]} 32. Ne5 {[%emt 0:03:34]} Bxa2 {[%emt 0:05:10]} 33. Nd7 {
[%emt 0:01:16]} Re7 {[%emt 0:03:54]} 34. Bf4 $2 {[%emt 0:01:21]} (34. Nxc5 {
was worth a try.} bxc5 35. Bf4) 34... Bf2 {[%emt 0:00:51]} 35. Rd6 {[%emt 0:01:
16]} Re6 {[%emt 0:01:18]} 36. Rd3 {[%emt 0:01:20]} b5 {[%emt 0:00:30]} 37. Be5
{[%emt 0:02:03]} Bh4 $19 {[%emt 0:00:55]} 38. Rd4 {[%emt 0:04:00]} Be7 {
[%emt 0:00:25]} 39. g4 {[%emt 0:00:40]} Bd5+ {[%emt 0:00:37]} 40. Kh2 {[%emt 0:
00:00]} Rxe5 {[%emt 0:00:00]} 0-1

[Event "71st RUS-ch Superfinal Women 2021"]
[Site "Ufa"]
[Date "2021.10.11"]
[Round "3.6"]
[White "Pogonina, Natalija"]
[Black "Voit, Daria"]
[Result "1/2-1/2"]
[WhiteElo "2467"]
[BlackElo "2357"]
[Annotator "ChessBase"]
[PlyCount "83"]
[EventDate "2021.10.09"]
[EventType "tourn"]
[EventCountry "RUS"]
[SourceTitle "playchess.com"]
[Source "ChessBase"]
[SourceQuality "1"]
[TimeControl "40/5400+30:1800+30"]

1. d4 {[%emt 0:00:04]} Nf6 {[%emt 0:00:07]} 2. c4 {[%emt 0:00:39]} e6 {[%emt 0:
00:03]} 3. Nf3 {[%emt 0:00:17]} d5 {[%emt 0:00:05]} 4. Nc3 {[%emt 0:01:00]} Bb4
{[%emt 0:00:31]} 5. e3 {[%emt 0:02:19]} O-O {[%emt 0:00:41]} 6. a3 {[%emt 0:02:
46]} Bxc3+ {[%emt 0:00:55]} 7. bxc3 {[%emt 0:00:04]} c5 {[%emt 0:09:35]} 8. a4
{[%emt 0:05:15]} Qa5 {[%emt 0:09:18]} 9. Bd2 {[%emt 0:02:20]} Qc7 {[%emt 0:05:
16]} 10. Qc2 {[%emt 0:13:46]} b6 {[%emt 0:18:37]} 11. cxd5 {[%emt 0:10:31]}
exd5 {[%emt 0:01:13]} 12. a5 {[%emt 0:00:28]} c4 {[%emt 0:10:48]} 13. axb6 {
[%emt 0:22:26]} Qxb6 {[%emt 0:00:05]} 14. Bc1 {[%emt 0:00:05]} Nc6 {[%emt 0:02:
51]} 15. Nd2 {[%emt 0:01:18]} Re8 {[%emt 0:01:59]} 16. Be2 {[%emt 0:03:19]} Qc7
{[%emt 0:05:15]} 17. O-O {[%emt 0:05:32]} Bd7 {[%emt 0:06:31]} 18. e4 {[%emt 0:
05:40]} dxe4 {[%emt 0:11:36]} 19. Nxc4 {[%emt 0:00:27]} Bg4 {[%emt 0:02:15]}
20. h3 {[%emt 0:03:59]} Bxe2 {[%emt 0:00:17]} 21. Qxe2 {[%emt 0:00:03]} Nd5 {
[%emt 0:02:24]} 22. Bd2 {[%emt 0:00:47]} Re6 {[%emt 0:03:04]} 23. Rfb1 {
[%emt 0:05:08]} Rc8 {[%emt 0:01:20]} 24. Rb5 {[%emt 0:01:07]} Nce7 {[%emt 0:02:
43]} 25. Rc5 {[%emt 0:00:32]} Rc6 {[%emt 0:01:23]} 26. Rxc6 {[%emt 0:02:06]}
Qxc6 {[%emt 0:00:05]} 27. Ne5 {[%emt 0:00:46]} Nxc3 {[%emt 0:01:21]} 28. Qe1 {
[%emt 0:04:22]} Qc7 {[%emt 0:01:21]} 29. Bxc3 {[%emt 0:00:10]} Qxc3 {[%emt 0:
00:27]} 30. Qxc3 {[%emt 0:00:11]} Rxc3 {[%emt 0:00:02]} 31. Rxa7 {[%emt 0:00:
12]} Kf8 {[%emt 0:00:28]} 32. d5 {[%emt 0:03:36]} f6 {[%emt 0:02:13]} 33. Nd7+
{[%emt 0:02:10]} Ke8 {[%emt 0:00:06]} 34. Nb6 {[%emt 0:01:26]} Rd3 {[%emt 0:01:
02]} 35. Ra8+ {[%emt 0:01:51]} Kf7 {[%emt 0:00:02]} 36. Rd8 {[%emt 0:00:21]} g5
{[%emt 0:00:57]} 37. g4 {[%emt 0:00:48]} h6 {[%emt 0:00:34]} 38. Rd7 {[%emt 0:
00:52]} Ke8 {[%emt 0:00:15]} 39. Rd6 {[%emt 0:00:31]} Kf7 {[%emt 0:00:10]} 40.
Rd7 {[%emt 0:00:00]} Ke8 {[%emt 0:00:00]} 41. Rd6 {[%emt 0:08:33]} Kf7 {
[%emt 0:05:01]} 42. Rd7 {[%emt 0:01:20]} 1/2-1/2

[Event "71st RUS-ch Superfinal Women 2021"]
[Site "Ufa"]
[Date "2021.10.12"]
[Round "4.1"]
[White "Ovod, Evgenija"]
[Black "Voit, Daria"]
[Result "1-0"]
[WhiteElo "2331"]
[BlackElo "2357"]
[Annotator "NA"]
[PlyCount "151"]
[EventDate "2021.10.09"]
[EventType "tourn"]
[EventCountry "RUS"]
[SourceTitle "playchess.com"]
[Source "ChessBase"]
[SourceQuality "1"]
[TimeControl "40/5400+30:1800+30"]

1. e4 {[%emt 0:00:02]} c6 {[%emt 0:00:03]} 2. Nf3 {[%emt 0:00:12]} d5 {[%emt 0:
00:08]} 3. d3 {[%emt 0:00:06]} dxe4 {[%emt 0:00:12]} 4. dxe4 {[%emt 0:00:05]}
Qxd1+ {[%emt 0:00:03]} 5. Kxd1 {[%emt 0:00:06]} Nf6 {[%emt 0:00:05]} 6. Nbd2 {
[%emt 0:00:17]} Nbd7 {[%emt 0:02:12]} 7. Ne1 {[%emt 0:00:17]} Nc5 {[%emt 0:15:
30]} 8. f3 {[%emt 0:00:08]} g6 {[%emt 0:04:49]} 9. a4 {[%emt 0:12:25]} Bg7 {
[%emt 0:03:38]} 10. a5 {[%emt 0:08:11]} Be6 {[%emt 0:06:01]} 11. Nd3 {[%emt 0:
05:02]} Nfd7 {[%emt 0:01:48]} 12. Nf4 {[%emt 0:02:11]} Ne5 {[%emt 0:06:58]} 13.
Nxe6 {[%emt 0:04:27]} Nxe6 {[%emt 0:00:15]} 14. c3 {[%emt 0:00:27]} Bh6 {
[%emt 0:25:07]} 15. Kc2 {[%emt 0:00:44]} Rd8 {[%emt 0:01:14]} 16. Nc4 {[%emt 0:
03:24]} Bxc1 {[%emt 0:02:38]} 17. Rxc1 {[%emt 0:00:03]} Nxc4 {[%emt 0:00:50]}
18. Bxc4 {[%emt 0:00:05]} Nc7 {[%emt 0:01:13]} 19. f4 {[%emt 0:00:27]} e6 {
[%emt 0:00:25]} 20. g4 {[%emt 0:04:41]} Ke7 {[%emt 0:03:56]} 21. Rce1 {[%emt 0:
00:38]} f6 {[%emt 0:04:31]} 22. h4 {[%emt 0:03:08]} h6 {[%emt 0:09:29]} 23. b4
{[%emt 0:09:23]} e5 {[%emt 0:03:01]} 24. f5 {[%emt 0:01:01]} g5 {[%emt 0:00:04]
} 25. Rh2 {[%emt 0:00:26]} gxh4 {[%emt 0:01:11]} 26. Rxh4 {[%emt 0:00:12]} Kf8
{[%emt 0:00:07]} 27. Rb1 {[%emt 0:25:04]} a6 {[%emt 0:00:48]} 28. Rbh1 {
[%emt 0:01:46]} Kg7 {[%emt 0:00:03]} 29. R4h3 {[%emt 0:00:59]} Ne8 {[%emt 0:06:
01]} 30. Rd3 {[%emt 0:06:27]} Rxd3 $1 {[%emt 0:00:08]} ({Wrong is} 30... Nd6 $2
{[#]} 31. Rhd1 $1 $18) 31. Bxd3 {[%emt 0:00:15]} Nd6 {[%emt 0:00:14]} 32. Rd1 {
[%emt 0:00:08]} Rd8 {[%emt 0:03:05]} 33. Bc4 {[%emt 0:04:40]} Kf8 $1 {[%emt 0:
00:02]} 34. Be6 {[%emt 0:01:02]} Ke7 {[%emt 0:00:10]} 35. Re1 {[%emt 0:00:39]}
Nb5 {[%emt 0:00:53]} 36. Rh1 {[%emt 0:01:03]} Rh8 {[%emt 0:00:03]} 37. Rh3 {
[%emt 0:02:04]} Nc7 {[%emt 0:00:24]} 38. Bb3 {[%emt 0:04:00]} Nb5 {[%emt 0:00:
17]} 39. Be6 {[%emt 0:02:08]} Nc7 {[%emt 0:00:26]} 40. Bc4 {[%emt 0:00:00]} Ne8
{[%emt 0:00:00]} 41. Kd3 {[%emt 0:05:46]} Nd6 {[%emt 0:06:17]} 42. Be6 {
[%emt 0:00:11]} Rh7 {[%emt 0:00:36]} 43. Rh2 {[%emt 0:10:45]} Rh8 {[%emt 0:00:
21]} 44. Rh1 {[%emt 0:00:15]} Rh7 {[%emt 0:04:16]} 45. Ke3 {[%emt 0:00:07]} Rh8
{[%emt 0:00:37]} 46. c4 {[%emt 0:00:22]} Nf7 {[%emt 0:11:56]} 47. Bxf7 {
[%emt 0:01:32]} Kxf7 {[%emt 0:00:03]} 48. b5 {[%emt 0:00:05]} cxb5 {[%emt 0:01:
34]} 49. cxb5 {[%emt 0:00:07]} axb5 {[%emt 0:00:19]} 50. Rb1 {[%emt 0:00:03]}
Rd8 {[%emt 0:01:19]} 51. Rxb5 {[%emt 0:00:09]} Rd7 {[%emt 0:00:03]} 52. Rb6 {
[%emt 0:03:49]} Ke7 {[%emt 0:01:34]} 53. Rb3 {[%emt 0:01:36]} Ke8 {[%emt 0:02:
40]} 54. Rb2 {[%emt 0:00:55]} Kf8 {[%emt 0:01:25]} 55. Rb1 {[%emt 0:00:31]} Kf7
{[%emt 0:00:50]} 56. Ra1 {[%emt 0:01:53]} Kf8 {[%emt 0:01:09]} 57. Ra2 {
[%emt 0:00:11]} Kf7 {[%emt 0:02:42]} 58. Rh2 {[%emt 0:04:20]} Kg7 {[%emt 0:00:
02]} 59. Rd2 {[%emt 0:00:07]} Rc7 {[%emt 0:00:01]} 60. Kd3 {[%emt 0:00:21]} Rc5
{[%emt 0:00:16]} 61. Rb2 {[%emt 0:00:08]} Rxa5 {[%emt 0:00:29]} 62. Rxb7+ {
[%emt 0:00:05]} Kg8 {[%emt 0:00:54]} 63. Kc4 {[%emt 0:00:10]} Ra4+ {[%emt 0:02:
36]} 64. Kd5 {[%emt 0:02:38]} Rd4+ $2 {[%emt 0:00:02]} (64... Kf8 $11) 65. Ke6
$18 {[%emt 0:00:07]} Rxe4 {[%emt 0:00:04]} 66. g5 {[%emt 0:03:09]} fxg5 {
[%emt 0:00:18]} 67. f6 {[%emt 0:00:42]} Rf4 {[%emt 0:00:38]} 68. Rb8+ {[%emt 0:
00:14]} Kh7 {[%emt 0:00:06]} 69. f7 {[%emt 0:00:03]} g4 {[%emt 0:03:07]} 70.
f8=Q {[%emt 0:00:06]} Rxf8 {[%emt 0:00:04]} 71. Rxf8 {[%emt 0:00:03]} e4 {
[%emt 0:00:53]} 72. Kf5 {[%emt 0:01:13]} g3 {[%emt 0:00:08]} 73. Rf7+ {[%emt 0:
00:05]} Kh8 {[%emt 0:00:40]} 74. Rf6 {[%emt 0:00:51]} e3 {[%emt 0:00:48]} 75.
Rxh6+ {[%emt 0:00:05]} Kg7 {[%emt 0:00:02]} 76. Rg6+ {[%emt 0:00:05]} 1-0

[Event "71st RUS-ch Superfinal Women 2021"]
[Site "Ufa"]
[Date "2021.10.12"]
[Round "4.2"]
[White "Galliamova, Alisa"]
[Black "Pogonina, Natalija"]
[Result "1/2-1/2"]
[WhiteElo "2421"]
[BlackElo "2467"]
[Annotator "TA"]
[PlyCount "72"]
[EventDate "2021.10.09"]
[EventType "tourn"]
[EventCountry "RUS"]
[SourceTitle "playchess.com"]
[Source "ChessBase"]
[SourceQuality "1"]

{[%evp 21,72,60,60,37,60,30,55,52,54,54,41,18,47,9,11,0,0,-56,-52,-121,-68,-75,
-45,-67,-49,-87,0,0,0,0,0,0,0,0,0,0,0,0,0,0,0,-91,0,0,0,0,0,0,0,0,0,0,0]} 1. d4
Nf6 2. c4 c5 3. d5 b5 4. cxb5 a6 5. bxa6 Bxa6 6. Nc3 g6 7. e4 Bxf1 8. Kxf1 d6
9. Nf3 Bg7 10. g3 O-O 11. Kg2 Qb6 12. Qe2 {A59: Benko/Volga Gambit: White
castles by hand.} Na6 13. Nd2 Nc7 14. Nc4 {White is slightly better.} Qa6 15.
Bd2 {[#]} Nd7 $146 ({Predecessor:} 15... e6 16. dxe6 Nxe6 17. Be3 Nxe4 18. Nxe4
d5 19. Nxc5 Nxc5 20. Bxc5 Rfc8 21. Qe3 dxc4 {1/2-1/2 (42) Tryggestad,A (2384)
-Tadic,S (2106) Nova Gorica 2020}) 16. h4 h5 17. Rac1 Nb5 18. Nxb5 Qxb5 19. Bc3
({Better is} 19. Bg5 $11 f6 20. Bf4) 19... Rxa2 $15 20. g4 {[#]} (20. Rhe1 $15)
20... Bxc3 (20... Nb6 $1 $17 21. Bxg7 Kxg7 22. gxh5 Nxc4 23. Qxc4 Qxb2 24. Qc3+
Qxc3 25. Rxc3 gxh5 26. Rg3+ Kh6) 21. Rxc3 Nf6 (21... Nb6 {looks sharper.} 22.
gxh5 Nxc4 23. Rxc4 Rxb2 24. Qd3 Rb3) 22. gxh5 Nxh5 {Hoping for ...Nf4+.} 23.
Qg4 Rxb2 (23... Kg7 $17) 24. Nxb2 $11 Qxb2 25. Rhh3 Qd2 {aiming for ...Nf4+.}
26. Rhe3 Kg7 27. Rcd3 Qb2 28. Rb3 Qd4 29. Rb7 Nf6 30. Qg5 Re8 31. h5 {[#]} (31.
Re1 $11) 31... Nxh5 ({Much weaker is} 31... Nxe4 $6 32. Qg4 $11) ({Black
should play} 31... Rh8 $1 $17 {[%cal Rh8h5]} 32. Re1 (32. Rxe7 Rxh5 33. Qf4 Qd1
$17) 32... Rxh5) 32. Rxe7 {The position is equal.} Nf4+ 33. Kg3 Nh5+ 34. Kg2 $1
Nf4+ 35. Kg3 Nh5+ 36. Kg2 $1 Nf4+ {Weighted Error Value: White=0.20/Black=0.14}
1/2-1/2

[Event "71st RUS-ch Superfinal Women 2021"]
[Site "Ufa"]
[Date "2021.10.12"]
[Round "4.3"]
[White "Bodnaruk, Anastasia"]
[Black "Bivol, Alina"]
[Result "1/2-1/2"]
[WhiteElo "2415"]
[BlackElo "2392"]
[Annotator "TA"]
[PlyCount "68"]
[EventDate "2021.10.09"]
[EventType "tourn"]
[EventCountry "RUS"]
[SourceTitle "playchess.com"]
[Source "ChessBase"]
[SourceQuality "1"]

{[%evp 9,68,-18,7,-14,58,50,67,46,54,54,48,41,56,18,21,28,26,25,31,20,27,18,12,
9,24,9,14,9,74,0,72,0,0,0,0,0,0,0,0,0,0,0,0,0,0,0,0,0,0,0,0,0,0,0,0,0,0,0,0,0,
0]} 1. e4 e5 2. Nc3 Nf6 3. d4 exd4 4. Qxd4 Nc6 5. Qd3 d5 6. Bg5 {[%cal Re4d5] 
[#] C26: Vienna Game: 2...Nf6, sidelines .} dxe4 $146 (6... d4 $11 7. Nd5 Nb4
8. Nxb4 Bxb4+ 9. c3 dxc3 10. Qxd8+ (10. Qb5+ Nd7 $17) 10... Kxd8 11. O-O-O+ Ke8
) ({Predecessor:} 6... d4 7. Nd5 Be6 8. Nxf6+ gxf6 9. Bd2 Nb4 10. Bxb4 Bxb4+
11. c3 dxc3 12. O-O-O Qxd3 13. Rxd3 Bc4 14. b3 Bxd3 15. Bxd3 O-O-O 16. Kc2 Rxd3
17. Kxd3 Rd8+ 18. Ke3 c2 {0-1 (18) Badev,K (2324)-Marholev,D (2421) Borovetz
2008}) 7. Qxd8+ $14 Nxd8 8. Bxf6 {White is slightly better.} gxf6 9. Nd5 Ne6
10. Nxf6+ {[%mdl 64] [#] Double Attack} Ke7 11. Nd5+ Ke8 $1 12. O-O-O Bh6+ 13.
Kb1 Bg7 14. g4 (14. Ne3 {with more complications.} c6 15. Ne2 Nc5 16. Ng3 h5
17. Re1) 14... c6 15. Ne3 h5 16. gxh5 Nc5 17. Ne2 Rxh5 18. Ng3 Re5 (18... Rh8
$11 {keeps the balance.}) 19. Rg1 (19. h4 $16) 19... Be6 {[#]} (19... Bh6 $11)
20. Ngf5 Bxf5 $11 {The position is equal.} 21. Rxg7 Ke7 $1 22. Rg5 Kf6 23.
Rxf5+ Rxf5 24. Nxf5 Kxf5 {[%mdl 4096] Endgame KRB-KRN} 25. b4 $1 {[%cal Rb4c5]}
Na4 {Threatens to win with ...Nc3+.} 26. Rd7 {[%mdl 64] Double Attack} Rg8 27.
Rxf7+ Ke5 $1 28. f3 $1 (28. Rxb7 $2 Rg1 $19) 28... e3 {And now ...Rg1! would
win.} 29. Re7+ ({Avoid the trap} 29. Rxb7 $2 Rg1 $19) 29... Kf4 $1 {aiming for
...Rg1!} 30. Rf7+ Ke5 31. Re7+ ({Don't go for} 31. Rxb7 $2 Rg1 $19) 31... Kf4
$1 {Strongly threatening ...Rg1!} 32. Rf7+ Ke5 33. Re7+ ({Not} 33. Rxb7 $2 Rg1
$19) 33... Kf4 {...Rg1! is the strong threat.} 34. Rf7+ Ke5 {Weighted Error
Value: White=0.09/Black=0.15} 1/2-1/2